Sail Cartagena de Indias / (Registro nro. 7445)
[ vista simple ]
| 000 -LEADER | |
|---|---|
| fixed length control field | 01648nam a22002417a 4500 |
| 003 - CONTROL NUMBER IDENTIFIER | |
| control field | OSt |
| 005 - DATE AND TIME OF LATEST TRANSACTION | |
| control field | 20210304143920.0 |
| 008 - FIXED-LENGTH DATA ELEMENTS--GENERAL INFORMATION | |
| fixed length control field | 210304s2015 ck ao||gr|||| 00| 0 spa d |
| 020 ## - INTERNATIONAL STANDARD BOOK NUMBER | |
| International Standard Book Number | 9789585792616 |
| 040 ## - CATALOGING SOURCE | |
| Original cataloging agency | CO-JMCR |
| Transcribing agency | CO-JMCR |
| 041 0# - LANGUAGE CODE | |
| Language code of text/sound track or separate title | spa |
| Language code of original | eng |
| 082 04 - DEWEY DECIMAL CLASSIFICATION NUMBER | |
| Classification number | 359.322 / |
| Item number | P949s |
| Edition number | 23 |
| 100 1# - MAIN ENTRY--PERSONAL NAME | |
| Personal name | Prieto Diago, Jorge, |
| Relator term | autor |
| 9 (RLIN) | 14373 |
| 245 10 - TITLE STATEMENT | |
| Title | Sail Cartagena de Indias / |
| Statement of responsibility, etc. | Jorge Prieto Diago ; traducción Delia A. Daza ; fotografias, Alexandre Magre Devesa |
| 250 ## - EDITION STATEMENT | |
| Edition statement | Tercera edición |
| 260 ## - PUBLICATION, DISTRIBUTION, ETC. | |
| Place of publication, distribution, etc. | Cartagena de Indias : |
| Name of publisher, distributor, etc. | Dematinadas, |
| Date of publication, distribution, etc. | 2015 |
| 300 ## - PHYSICAL DESCRIPTION | |
| Extent | 200 páginas : |
| Other physical details | ilustraciones y fotografías a blanco y negro ; |
| Dimensions | 31 cm. |
| 505 0# - FORMATTED CONTENTS NOTE | |
| Formatted contents note | La conquista del viento y de mar -- Velas latinoamericanas 2014 -- Cartagena de Indias -- Sail Cartagena de Indias -- Sail Cartagena de Indias 2014 países y buques participantes -- Buque Escuela A.R.C "Gloria" (Colombia) -- Fragata A.R.A. "libertad" (Argentina) -- Navio-Valeiro "Cisne Branco" (Brasil) -- Buque escuela " Esmeralda" (Chile) -- Buque escuela A.R.M. "Cuauhtémoc" (México) -- Buque escuela "Simón Bolívar" (Venezuela) -- Catamará "IceLady Patagonia II" (Argentina) -- Velero "Phantom" (Colombia) -- PZA A.R.C. "20 de Julio" (Colombia) -- Buque Oceanográfico A.R.C. "Providencia" (Colombia) -- USCGC "Bear" (Estados Unidos) -- HNLMS "Zeeland" (Holanda) -- Patrullera oceánica "General Francisco Morazán" (Honduras) -- Fragata Miselera B.A.P. "Villavisencio" (Perú) -- Guardacostas "Altair" (República Dominicana) |
| 546 ## - LANGUAGE NOTE | |
| Language note | Textos en español e ingles. |
| 650 14 - SUBJECT ADDED ENTRY--TOPICAL TERM | |
| Topical term or geographic name entry element | Barcos |
| 9 (RLIN) | 11226 |
| 651 14 - SUBJECT ADDED ENTRY--GEOGRAPHIC NAME | |
| Geographic name | Colombia. |
| General subdivision | Armada Nacional |
| 9 (RLIN) | 14374 |
| 942 ## - ADDED ENTRY ELEMENTS (KOHA) | |
| Source of classification or shelving scheme | Dewey Decimal Classification |
| Koha item type | Books |
| Withdrawn status | Lost status | Source of classification or shelving scheme | Damaged status | Not for loan | Home library | Current library | Shelving location | Date acquired | Source of acquisition | Total Checkouts | Full call number | Barcode | Date last seen | Date last checked out | Copy number | Price effective from | Koha item type |
|---|---|---|---|---|---|---|---|---|---|---|---|---|---|---|---|---|---|
| Dewey Decimal Classification | Biblioteca Pública José María del Castillo y Rada | Biblioteca Pública José María del Castillo y Rada | General Stacks | Donación | 2 | 359.322 / P949s | 201810537 | 04/15/2026 | 04/15/2026 | Ej.1 | Books |